00334nam a2200133Ia 4500003000400000008004100004020002400045040000800069100001700077245006100094260002500155300000800180365001200188LDD181029s9999 xx 000 0 und d a8120614690c2245.00 cLDD aCowell, E.B. 0aJataka or stories of Buddha's former birthscE.B. Cowell aNew DelhibAESc2006 a7v. b2245.00